Cities with the Most Airports - Statistics

General Stats
  • This quiz has been taken 122 times
  • The average score is 6 of 10
Answer Stats
# City # in City Limits % Correct
7 New York City 2
97%
6 London 2
93%
4 Paris 0
89%
5 Los Angeles 1
82%
4 Tokyo 2
75%
4 Moscow 1
69%
4 San Francisco 0
37%
4 Boston 1
20%
4 Melbourne 3
9%
4 Stockholm 1
8%
No matching quizzes found
Score Distribution
Percent of People with Each Score
Percentile by Number Answered
Your Score History
You have not taken this quiz